| 000 | 00801nam a22002297a 4500 | ||
|---|---|---|---|
| 003 | OSt | ||
| 005 | 20230706110142.0 | ||
| 008 | 170318s2016 gt||||| |||| 00| 0 spa d | ||
| 040 | _cLado V | ||
| 082 | 0 | 4 |
_a720 _bB862a |
| 100 |
_9870 _aBrizzi, Andrea _edirector |
||
| 245 |
_aArchivos de Arquitectura Antillana/ _bRevista internacional de Arquitectura y Cultura en el gran Caribe/ |
||
| 260 |
_aEspaƱa _c1998 |
||
| 300 |
_a111p. _c28x28cm |
||
| 490 |
_v3 _a7 |
||
| 650 |
_2Tesauro de Arte & Arquitectura _aARTE |
||
| 650 |
_2Tesauro de Arte & Arquitectura _aARQUITECTURA |
||
| 650 |
_2Tesauro de Arte & Arquitectura _aANTILLAS |
||
| 650 |
_2Tesauro de Arte & Arquitectura _aCONTEMPORANEIDAD |
||
| 700 | 1 |
_aSvankmajer. _eilustrador. _95749 |
|
| 942 |
_2ddc _c1 _h720 _iB862a _n0 |
||
| 999 |
_c3988 _d3988 |
||